000 00152nam a22000857a 4500
082 _a823
100 _aBHAT, ASMITA
245 _aFAIRY TALES- 2
942 _cBK
999 _c8097
_d8097